Cuộc kháng chiến chống xâm lược Nguyên Mông thế kỷ XIII

Sparad:
Bibliografiska uppgifter
Huvudupphovsman: Hà Văn Tấn
Materialtyp: Bok
Språk:Undetermined
Publicerad: Hà Nội KHXH 1975
Ämnen:
Taggar: Lägg till en tagg
Inga taggar, Lägg till första taggen!
Thư viện lưu trữ: Trung tâm Học liệu Trường Đại học Cần Thơ
LEADER 00541nam a2200169Ia 4500
001 CTU_11025
008 210402s9999 xx 000 0 und d
082 |a 959.7 
082 |b T121 
100 |a Hà Văn Tấn 
245 0 |a Cuộc kháng chiến chống xâm lược Nguyên Mông thế kỷ XIII 
245 0 |c Hà Văn Tấn, Phạm Thị Tâm 
260 |a Hà Nội 
260 |b KHXH 
260 |c 1975 
650 |a vietnam - history - 13th century 
980 |a Trung tâm Học liệu Trường Đại học Cần Thơ